| 000 | 00532nam a22002051a 4500 | ||
|---|---|---|---|
| 001 | 2726 | ||
| 003 | OSt | ||
| 005 | 20260204211823.0 | ||
| 008 | 040322s1980||||dr ||||||b||||||||||spa|| | ||
| 020 | _a8449941741 | ||
| 050 | _aRD 861.44 B181h | ||
| 082 | _aRD 808.81 B181h | ||
| 100 | _aBalaguer, Joaquín | ||
| 245 | _aHuerto, sellado y versos de juventud / Joaquín Balaguer | ||
| 264 | _aSanto Domingo: Manuel Pareja | ||
| 300 | _a134 p. | ||
| 500 | _aIncluye indice | ||
| 650 | _a1.Poesía 2.LiteraturaÌ | ||
| 942 |
_2ddc _cBK |
||
| 999 |
_c2726 _d2726 |
||